| 000 | 00954cam a2200145ua 4500 | ||
|---|---|---|---|
| 041 |
_aeng _h |
||
| 082 |
_a666.97 _bIND/GL |
||
| 110 | 1 |
_aIndian Standards Institution . _bISI _c() |
|
| 245 | _aGlossary of terms relating to cement concrete ,Part-7 Mixing,laying,compaction,curing and other construction aspects IS:6461 (part VII0-1973 | ||
| 260 |
_aNew Delhi : _bIndian Standards Institution , _c1986. |
||
| 300 | _a30 ; . | ||
| 504 | _a | ||
| 942 | _cBK | ||
| 999 |
_c9981 _d9981 |
||